000 00910nam a2200205Ia 4500
005 20240722143953.0
008 130821s1999 xxu gr eng
020 _a1884186106
040 _aCo-BoUCM
_bspa
_cDavid Moreno (modificó)
_dDavid Moreno (modificó)
041 0 0 _aeng
245 1 0 _aDemocracy.com? Governance in a Networked World
_cEditado por Elaine Cuilla Kamarck; Joseph S. Nye Jr.
260 _aWashington D.C. (Estados Unidos)
_bHollis
_c1999
300 _a226 Páginas
650 0 4 _aInformación
_xAspectos políticos
_zEstados Unidos
_917580
650 0 4 _aInformática
_917593
_xProcesamiento de datos
_xSistemas de almacenamiento y recuperación de información
650 0 4 _aTecnología de la información
_xAspectos políticos
_zEstados Unidos
_925136
700 1 _aKamarck, Elaine; Joseph S.
_9158180
942 _cLIBRO
_a14
_e1
_mD383
_2DEWEY
_h006
_n0
999 _c31802
_d31802